1188 1345 1808 1624 1975 1235 1172 1910 1304 1655 1535 1419 1227 1417 1607 1227 1364 1587 1334 1153 1891 1624 1223 1099 1367 1437 1439 1667 1230 1723 1673 1633 1522 1209 1430 1164 1751 1384 1321 1500 1238 1592 1793 1344 1341 1860 1017 1050 1712 1396 1622 1462 1348 1345 1329 1359 1781 1244 1209 1596 1656 1565 1948 1213 1875 1801 1169 1869 1109 1187 1057 1006 1498 1412 1840 1256 1463 1169 1436 1069 1992 1808 1134 1679 1890 1683 1413 1786 1941 1617 1205 1276 1695 1078 1829 1443 1018 1982 1927 BCNSPRNW ULIB Ver.6.0+V

เปลี่ยนเป็นภาษาไทย

Change to English
 แสดงรายละเอียดบรรณานุกรม
  กลับหน้าหลัก

Brief Record : Get Marc (ISO 2709) : E-mail record : QR code < ปิดหน้าต่าง
LEADER : 00000nam 2200000uu 4500
001    13399120997
003     ULIB
008    120706s2546||||th 000 0 tha d
020    ^a9789749656020
020    9749656024
090    ^aนว.^bร930ฮ ล.5
100 0  ^aโรว์ลิ่ง, เจ.เค.
245 00 ^aแฮร์รี่ พอตเตอร์ กับพาคีนกฟินิกซ์ เล่ม5/^cโรว์ลิ่ง, เจ.เค.
250    ^aพิมพ์ครั้งที่ 18
260    ^aกรุงเทพฯ :^bนานมีบุ๊คส์,^c2546
300    ^a1047 หน้า
710 1  ^aนานมีบุ๊คส์
945    ^p495^l0^i14053
995    ^aกัณชพร
999    ^aใช้งานได้ทุกระบบ
รายการนี้ยังไม่มีแท็ก
คุณยังไม่ได้ล็อกอิน คุณสามารถมีกิจกรรมร่วมกับเว็บไซต์ได้ แต่ต้องล็อกอินก่อน ::
  ล็อกอิน

รายการสื่อสารสนเทศ

ลำดับที่ ประเภท เลขเรียก/บาร์โค้ด สถานที่ สถานะ
1. นวนิยาย
นวนิยาย
นว. ร930ฮ ล.5 ฉ.1 
  Barcode: 14053
ห้องสมุดวิทยาเขตสวรรค์ประชารักษ์
►นวนิยาย
บนชั้น
  ขอยืม

รายการใกล้เคียง
    ผู้แต่ง [โรว์ลิ่ง, เจ.เค.]

BibComment


ยังไม่เคยถูกคอมเมนท์

คอมเมนท์ทรัพยากรรายการนี้
  คอมเมนท์: แฮร์รี่ พอตเตอร์..


 Copyright 2026. Bcnsprnw @Library